[Event "Wch U12 Girls rapid"]
[Site "Minsk"]
[Date "2018.06.22"]
[Round "1"]
[White "Omonova, Umida"]
[Black "Mutina, Ksenia"]
[Result "1-0"]
[WhiteElo "1631"]
[BlackElo "1336"]
[PlyCount "53"]
[EventDate "2018.06.22"]
[EventType "swiss (rapid)"]
[EventRounds "9"]
[EventCountry "BLR"]
[SourceTitle "EXT 2019"]
[Source "ChessBase"]
[SourceDate "2018.10.10"]
[SourceVersion "1"]
[SourceVersionDate "2018.10.10"]
[SourceQuality "1"]

1. e4 e6 2. d4 d5 3. Nd2 c5 4. exd5 exd5 5. Ngf3 cxd4 6. Nxd4 Bc5 7. N2b3 Bb6 8. Bb5+ Bd7 9. 0-0 Bxb5 10. Nxb5 Nf6 11. Bg5 0-0 12. Bxf6 Qxf6 13. Qxd5 Qxb2 14. Qxb7 Qe5 15. a4 Na6 16. Qxa6 Rab8 17. Na3 Qf6 18. Qd3 Rfd8 19. Qh3 Rd6 20. Nc4 Re6 21. Rad1 Rbe8 22. Nxb6 axb6 23. Qg3 Re2 24. Nd4 R2e4 25. c3 g6 26. Qf3 Qe7 27. g3 1-0